|
|
|
|
| LEADER |
00000cas a2200000 a 4500 |
| 001 |
vtls009168642 |
| 003 |
SK-MaSNL |
| 005 |
20260228160617.0 |
| 008 |
071219c20089999xo fr|p 0 b0slo |
| 022 |
|
|
|a 1337-6616
|
| 035 |
|
|
|a (SVKBB)vtls000280260
|
| 040 |
|
|
|a SVKBB
|b slo
|c SVKBB
|d SNK
|e AACR2
|
| 041 |
0 |
|
|a slo
|
| 044 |
|
|
|a xo
|c SK
|
| 072 |
|
7 |
|a 316.7
|x Sociológia kultúry. Kultúrny život
|2 konspekt
|
| 072 |
|
7 |
|a 37
|x Výchova a vzdelávanie
|2 konspekt
|
| 072 |
|
7 |
|a 79
|x Rekreácia. Voľný čas. Zábavy. Hry. Šport
|2 konspekt
|
| 080 |
|
|
|a 79
|2 2011
|
| 080 |
|
|
|a 316.7
|2 2011
|
| 080 |
|
|
|a 379.8
|2 2011
|
| 080 |
|
|
|a 316.728
|2 2011
|
| 080 |
|
|
|a 050
|2 2011
|
| 080 |
|
|
|a 379.8(051)
|2 2011
|
| 210 |
0 |
|
|a Elita
|b (Žilina)
|
| 222 |
|
0 |
|a Elita
|b (Žilina)
|
| 245 |
0 |
0 |
|a Elita
|b iní ako ostatní...
|
| 260 |
|
|
|a Žilina
|b Direct press
|c 2008-
|
| 300 |
|
|
|a zv.
|c 30 cm
|
| 310 |
|
|
|a 2x ročne
|b 2010-
|
| 321 |
|
|
|a 4x ročne
|b 2008-2009
|
| 362 |
0 |
|
|a Roč. 1, č. 1 (2008)-
|
| 500 |
|
|
|a Podnázov v tiráži: 1/2008, direct-mailový časopis ; 2/2008, direct-mailový časopis životného štýlu ; 3/2008, direct-mailový časopis konzervatívneho životného štýlu ; 2010, direct-mailový časopis o cestovaní a životnom štýle
|
| 500 |
|
|
|a Registračné č.: 3833/2007 ; EV 3364/09
|
| 500 |
|
|
|a Šéfredaktorka: 2008- , Zlatica Kramárová
|
| 515 |
|
|
|a Niektoré čísla vychádzajú ako dvojčíslo
|
| 650 |
0 |
7 |
|a životný štýl
|2 SNKPH
|9 1704
|
| 650 |
0 |
7 |
|a voľný čas
|2 SNKPH
|9 3355
|
| 650 |
0 |
7 |
|a kultúra
|2 SNKPH
|9 886
|
| 655 |
|
7 |
|a časopisy pre voľný čas
|2 SNKPH
|9 70337
|
| 700 |
1 |
|
|a Kramárová, Zlatica
|4 pbd
|9 266989
|
| 910 |
|
|
|a snk
|
| 999 |
|
|
|c 3076
|d 5006
|
| 952 |
|
|
|0 0
|1 0
|4 0
|7 0
|8 0
|a SNK
|b SNK
|d 2018-10-16
|i snk2018/21078
|l 0
|o snkČSB 6830/1/2008
|p 17A1340113
|r 2026-02-21 21:50:39
|t č. 1-4
|w 2026-02-21
|y PREZ
|
| 952 |
|
|
|0 0
|1 0
|4 0
|7 0
|8 0
|a SNK
|b SNK
|d 2018-10-16
|i snk2018/21080
|l 0
|o snkČSB 6830/1/2008 D1
|p 17A1340112
|r 2026-02-21 21:50:39
|t č. 1-4
|w 2026-02-21
|y PREZ
|
| 952 |
|
|
|0 0
|1 0
|4 0
|7 0
|8 0
|a SNK
|b SNK
|d 2018-10-16
|i snk2018/21082
|l 0
|o snkČSB 6830/2/2009
|p 17A1340111
|r 2026-02-21 21:50:39
|t č. jar-zima
|w 2026-02-21
|y PREZ
|
| 952 |
|
|
|0 0
|1 0
|4 0
|7 0
|8 0
|a SNK
|b SNK
|d 2018-10-16
|i snk2018/21084
|l 0
|o snkČSB 6830/2/2009 D1
|p 17A1340110
|r 2026-02-21 21:50:39
|t č. jar-zima
|w 2026-02-21
|y PREZ
|
| 952 |
|
|
|0 0
|1 0
|4 0
|7 0
|8 0
|a SNK
|b SNK
|d 2018-10-16
|i snk2018/21085
|l 0
|o snkČSB 6830/3/2010
|p 17A1340109
|r 2026-02-21 21:50:39
|t č. jar-zima
|w 2026-02-21
|y PREZ
|
| 952 |
|
|
|0 0
|1 0
|4 0
|7 0
|8 0
|a SNK
|b SNK
|d 2018-10-16
|i snk2018/21087
|l 0
|o snkČSB 6830/3/2010 D1
|p 17A1340108
|r 2026-02-21 21:50:39
|t č. jar-zima
|w 2026-02-21
|y PREZ
|
| 952 |
|
|
|0 0
|1 0
|4 0
|7 0
|8 0
|a SNK
|b SNK
|d 2018-10-16
|i snk2018/21090
|l 0
|o snkČSB 6830/4/2011
|p 17A1340107
|r 2026-02-21 21:50:39
|t č. jar-leto
|w 2026-02-21
|y PREZ
|
| 952 |
|
|
|0 0
|1 0
|4 0
|7 0
|8 0
|a SNK
|b SNK
|d 2018-10-16
|i snk2018/21092
|l 0
|o snkČSB 6830/4/2011 D1
|p 17A1340106
|r 2026-02-21 21:50:39
|t č. jar-leto
|w 2026-02-21
|y PREZ
|